000 004410000a22001690004500
041 0 _aENG
082 0 4 _aG 266.0092 C625o
100 1 _aClemenger, Marjorie
245 1 0 _aOnce upon a mountain / Marjorie Clemenger
260 _aSanta Marta, Colombia., : Buena Semilla
300 _a234 Pag
001 7477
942 _cBK
999 _c37690
_d37690
336 _atexto
_btxt
_2rdacontent
337 _2rdamedia
_asin mediación
_bn
338 _2rdacarrier
_avolumen
_bnc